000 00668cab a2200241 4500
001 WB3408-26
008 090401t1998 xxu||||| |||| 00| 0 eng d
035 _a(Sirsi) u84541
041 _aeng
245 _aScottish land reform
260 _c1998
350 _a0
490 _aScottish Office News Release
_v(0317/98) 20 February 1998 (2)
520 _aThe Land Reform Policy Group of the Scottish Office has issued a consultation paper on land reform in Scotland.
650 _aCROFTING
650 _aLAND REFORM
650 _aLAND REGISTRATION
650 _aLAND TENURE
650 _aSCOTLAND
690 _aLAND
942 _n0
948 _c26/02/1998
999 _c53130
_d53130